000 00586nam a2200205 i 4500
001 90003
003 ES-MaACL
005 20250511063032.0
007 t|
008 050117s1945 cu ||||1| spa d
080 _a 86.0(729.1)-32"19"
100 1 _aLázaro, Ángel,
_9240342
_d1900-1985
_eaut
245 1 0 _aRetratos familiares /
_cÁngel Lázaro.
260 _aLa Habana :
_bPrisma,
_c1945 (
_fUcar)
300 _a140 p. ;
_c18 cm.
852 _aES-MaACL
_jC-17330
_cGalería
942 _2udc
_cMONOGRAFIA
_n0
999 _c90003
_d90003